000 00221nam a22000977a 4500
082 _a823
_bPAC/M
100 _aPACES,S.E
245 _aMODERN SHORT STORIES
246 _aMODERN SHORT STORIES
_bMODERN SHORT STORIES
942 _cBK
999 _c8371
_d8371